000 00704nam a2200229 a 4500
008 951214s1988||||[C 0 slo c
020 _c15 Kčs.
_q(28000 výtl.)
040 _aSNK
_bslo
_cSNK
_eAACR2
041 1 _aslo
_hhun
044 _axo
_cSK
080 _a323.285(450)
100 1 _aFaragó, Jenő
_4aut
245 1 0 _aTajomstvo lóže P-2
_cJenő Faragó ; Tibor Hradecký, Jozef Szabó
250 _a1., vyd.
260 _aBratislava
_bPravda
_c1988
_eBratislava
_fPravda
300 _a208 s., 10,70 AH
_bObr. príl.
_c20 cm
490 0 _aČlenská knižnica Pravda
500 _aFot. na front. a predsádkach.
700 1 _aHradecký, Tibor
_4trl
700 1 _aSzabó, Jozef
_4bkd
958 _aA
999 _c10623
_d10623